000 00649nam a22002177a 4500
003 UA-OsUOA
001 81069
007 ta
008 20120117b un ||||| |||| 00| 0 ukr d
100 _aКастийо М.
090 _a101
_bК28
942 _cSA
040 _aUA-OsUOA
_brus
_cUA-OsUOA
_dUA-OsUOA
245 _aФранцузская философия в начале ХХІ века: от наследия к новым вопроасам
300 _aС.56-64
955 _a0
041 _arus
080 _a101
773 0 _w81067
_tФилософские науки
_dМ.
_d2011
_g10
650 7 _a1 Філософські науки
_2UDC
999 _c367374
_d367374